Sports Quiz

Random Sports Quiz

AFC Teams Quiz Stats

Quiz not verified by Sporcle

Also try: NBA Team Trios
Challenge
Share
Tweet
Embed
Score 0/16 Timer 01:00
0 Plays Today
Team Nickname % Correct
BaltimoreRavens
98.6%
PittsburghSteelers
98.1%
BufflaloBills
98.1%
MiamiDolphins
97.1%
CincinnatiBengals
96.6%
ClevelandBrowns
95.7%
IndianapolisColts
95.7%
JacksonvilleJaguars
95.2%
Team Nickname % Correct
New EnglandPatriots
95.2%
HoustonTexans
94.7%
TennesseeTitans
94.2%
New YorkJets
94.2%
DenverBroncos
92.8%
Kansas CityChiefs
91.3%
OaklandRaiders
91.3%
San DiegoChargers
90.9%

You're not logged in!

Compare scores with friends on all Sporcle quizzes.
Join for Free
OR
Log In

You Might Also Like...

Show Comments

Extras

Created Jan 4, 2010ReportNominate
Tags:afc, AFC Teams, nickname, team

Top Quizzes Today


Score Distribution

Your Account Isn't Verified!

In order to create a playlist on Sporcle, you need to verify the email address you used during registration. Go to your Sporcle Settings to finish the process.

Report this User

Report this user for behavior that violates our Community Guidelines.

Details: